Multidisiplinaryong pananaliksik sa araling Pilipino : wika, kultura, espasyo, edukasyon, kasarian, at midya / Christian B. Tuazon [and three others]. (Record no. 21577)

000 -LEADER
fixed length control field 00618nam a22001577a 4500
020 ## - INTERNATIONAL STANDARD BOOK NUMBER
ISBN 9786210800562
082 ## - DEWEY DECIMAL CLASSIFICATION NUMBER
Classification number 499.211
Item number T8839 2024
100 ## - MAIN ENTRY--AUTHOR NAME
Personal name Tuazon, Christian B., author.
245 ## - TITLE STATEMENT
Title Multidisiplinaryong pananaliksik sa araling Pilipino : wika, kultura, espasyo, edukasyon, kasarian, at midya / Christian B. Tuazon [and three others].
250 ## - EDITION STATEMENT
Edition statement Bagong edisyon.
260 ## - PUBLICATION, DISTRIBUTION, ETC. (IMPRINT)
Place of publication Malabon City :
Name of publisher Mutya Publishing House, Inc.,
Year of publication ©2024.
300 ## - PHYSICAL DESCRIPTION
Number of Pages 298 pages :
Other physical details illustrations ; 26 cm.
500 ## - GENERAL NOTE
General note Includes bibliographical references.
650 ## - SUBJECT ADDED ENTRY--TOPICAL TERM
Topical Term Filipino language -- Study and teaching.
942 ## - ADDED ENTRY ELEMENTS (KOHA)
Koha item type Books
Holdings
Source of acquisition Permanent Location Date acquired Koha item type Collection code Accession Number Lost status Shelving location Withdrawn status Current Location Full call number
SchoolCagayan State University - Carig Library2025-12-05BooksLanguages011289 General Collection Cagayan State University - Carig Library499.211 T8839 2024
SchoolCagayan State University - Carig Library2025-12-05BooksLanguages011290 General Collection Cagayan State University - Carig Library499.211 T8839 2024
SchoolCagayan State University - Carig Library2025-12-05BooksLanguages011291 General Collection Cagayan State University - Carig Library499.211 T8839 2024

Cagayan State University University Library, Carig Campus
Tuguegarao City, Cagayan 3500 | www.csucarig.edu.ph

Powered by Koha